Science Quiz

Random Science or Chemistry Quiz
Score 0/39 Timer 05:00
0 Plays Today
Element % Correct
Hydrogen
89.6%
Oxygen
87.6%
Helium
86.4%
Gold
84%
Silver
81.8%
Carbon
77.7%
Iron
71.5%
Argon
67.9%
Tin
62.3%
Lead
61.2%
Sodium
56.9%
Chlorine
55.8%
Fluorine
54%
Radon
52.1%
Zinc
51.1%
Krypton
48.2%
Nickel
42.5%
Cobalt
40.3%
Arsenic
36.8%
Bromine
36.5%
Element % Correct
Radium
36.5%
Platinum
34.3%
Barium
31.3%
Francium
31.2%
Cesium
31.2%
Bismuth
20.8%
Scandium
15.5%
Hafnium
15%
Rhodium
14.7%
Cerium
14.3%
Erbium
14.2%
Rhenium
12.4%
Bohrium
11.8%
Thorium
11.8%
Terbium
10.2%
Seaborgium
9.1%
Lawrencium
9%
Nobelium
9%
Flerovium
8.9%

You're not logged in!

Compare scores with friends on all Sporcle quizzes.
OR
Log In

Sporcle TV

Today on Sporcle TV


Watch our educational content, quiz creation guides, and fun videos on Sporcle TV.

Show Comments

Extras

Top Quizzes Today


Score Distribution

Paid Content

Your Account Isn't Verified!

In order to create a playlist on Sporcle, you need to verify the email address you used during registration. Go to your Sporcle Settings to finish the process.

Report this User

Report this user for behavior that violates our Community Guidelines.

Details: